[Event "XXVIII Memorial Edoardo Crespi A"]
[Site "Milano ITA"]
[Date "2007.12.06"]
[Round "2"]
[White "Pasquotto, Mirko"]
[Black "Hubschmid, Stefan"]
[Result "0-1"]
[WhiteElo "1939"]
[BlackElo "2066"]
[PlyCount "108"]
[EventDate "2007.12.05"]

1. e4 e5 2. Nf3 Nc6 3. Bb5 a6 4. Ba4 Nf6 5. O-O Nxe4 6. d4 b5 7. Bb3 d5 8. dxe5
Be6 9. c3 Bc5 10. Qe2 O-O 11. Be3 f6 12. exf6 Qxf6 13. Nbd2 Bxe3 14. Qxe3 Nxd2
15. Qxd2 Rad8 16. Rfe1 Kh8 17. Re3 Bf5 18. Rae1 Be4 19. Nd4 Qg5 20. f4 Qf6 21.
Ne2 Ne7 22. Ng3 Nf5 23. Nxf5 Qxf5 24. g3 Rd6 25. Bd1 Rg6 26. Bf3 Qxf4 27. Bxe4
dxe4 28. Qg2 Qf7 29. Rxe4 Qxa2 30. c4 Rgf6 31. cxb5 axb5 32. Re8 Qc4 33. Rxf8+
Rxf8 34. Qe4 Qxe4 35. Rxe4 Kg8 36. Re7 c6 37. Re6 Rf6 38. Rxf6 gxf6 39. Kf2 Kf7
40. Ke3 Ke6 41. Kd4 Kd6 42. g4 c5+ 43. Ke4 Ke6 44. b3 c4 45. bxc4 bxc4 46. Kd4
c3 47. Kxc3 Ke5 48. Kd3 Kf4 49. h3 Kg3 50. Ke4 Kxh3 51. Kf5 h6 52. Kf4 Kg2 53.
Ke4 Kg3 54. Kf5 Kf3 0-1

[Event "XXVIII Memorial Edoardo Crespi A"]
[Site "Milano ITA"]
[Date "2007.12.06"]
[Round "2"]
[White "Quaranta, Cristiano"]
[Black "Quagliarella, Sabino Remo"]
[Result "1-0"]
[WhiteElo "2070"]
[BlackElo "1950"]
[PlyCount "61"]
[EventDate "2007.12.05"]

1. Nf3 g6 2. d4 Bg7 3. c4 c6 4. Nc3 d6 5. e4 Bg4 6. Be2 Nd7 7. O-O Qc7 8. Be3
e6 9. Nd2 Bxe2 10. Qxe2 Ne7 11. Rac1 O-O 12. d5 e5 13. dxc6 bxc6 14. Rfd1 f5
15. f3 Nf6 16. b3 Rad8 17. Nf1 Qb7 18. Bf2 Bh6 19. Rc2 fxe4 20. fxe4 Qd7 21.
Ne3 Qe6 22. Rcd2 Rd7 23. Rd3 Bxe3 24. Bxe3 Ng4 25. Bc5 Nc8 26. Qd2 Rdf7 27.
Bxd6 Nxd6 28. Rxd6 Qe7 29. Rd8 Qc5+ 30. Kh1 Rf1+ 31. Rxf1 1-0

[Event "XXVIII Memorial Edoardo Crespi A"]
[Site "Milano ITA"]
[Date "2007.12.06"]
[Round "2"]
[White "Rettore, Ludwig"]
[Black "D'Apa, Matteo"]
[Result "0-1"]
[WhiteElo "2177"]
[BlackElo "2085"]
[PlyCount "68"]
[EventDate "2007.12.05"]

1. e4 e5 2. Nf3 Nc6 3. Bc4 Bc5 4. c3 Nf6 5. d4 exd4 6. cxd4 Bb4+ 7. Nc3 Nxe4 8.
O-O Bxc3 9. d5 O-O 10. bxc3 Ne7 11. Re1 Nd6 12. Ba3 Ng6 13. Qd4 Nf5 14. Qd2 d6
15. Bd3 Bd7 16. c4 Ngh4 17. Ng5 Qf6 18. Ne4 Qh6 19. Qxh6 Nxh6 20. c5 f5 21. Ng5
dxc5 22. Bxc5 Rfe8 23. Bc4 Kh8 24. f3 Ng6 25. Ne6 Bxe6 26. dxe6 b6 27. Ba3 c5
28. Rad1 Rad8 29. Bb2 Ng8 30. Kf2 Rxd1 31. Rxd1 Nf8 32. Bb5 Re7 33. Rd8 Nxe6
34. Ra8 Nc7 0-1

[Event "XXVIII Memorial Edoardo Crespi A"]
[Site "Milano ITA"]
[Date "2007.12.06"]
[Round "2"]
[White "Rossi, Giampiero"]
[Black "Abdelatief, Abdelhakiem"]
[Result "0-1"]
[WhiteElo "1991"]
[BlackElo "1930"]
[PlyCount "94"]
[EventDate "2007.12.05"]

1. d4 Nf6 2. c4 e6 3. Nc3 d5 4. cxd5 exd5 5. Bg5 Be7 6. e3 O-O 7. Qc2 c5 8. Nf3
Nc6 9. Be2 Nb4 10. Qd1 Bf5 11. Rc1 c4 12. Ne5 h6 13. Bh4 Rc8 14. a3 Nc6 15.
Nxc6 Rxc6 16. O-O Qa5 17. Bxf6 Bxf6 18. Bf3 Rd8 19. Qd2 Re6 20. Rfd1 Red6 21.
Ne4 Qxd2 22. Nxf6+ Rxf6 23. Rxd2 b5 24. Be2 a5 25. Kf1 b4 26. axb4 axb4 27. Ke1
Ra6 28. f3 Rda8 29. e4 Ra1 30. Rdd1 Rxc1 31. Rxc1 Bg6 32. exd5 c3 33. b3 Ra2
34. d6 Kf8 35. Bb5 f6 36. d7 Ke7 37. Kf1 Ra8 38. Re1+ Kd6 39. Ke2 Kc7 40. Ba4
Rxa4 41. bxa4 b3 42. Rc1 b2 43. Rxc3+ Kxd7 44. Rb3 b1=Q 45. Rxb1 Bxb1 46. Kd2
Kc6 47. Kc3 Ba2 0-1

[Event "XXVIII Memorial Edoardo Crespi A"]
[Site "Milano ITA"]
[Date "2007.12.06"]
[Round "2"]
[White "Salvador, Roland"]
[Black "Mazzini, Antonio"]
[Result "1/2-1/2"]
[WhiteElo "2456"]
[BlackElo "2106"]
[PlyCount "94"]
[EventDate "2007.12.05"]

1. d4 Nf6 2. Nf3 g6 3. Nc3 d5 4. Bf4 Bg7 5. e3 O-O 6. Be2 c5 7. Ne5 cxd4 8.
exd4 Nc6 9. O-O Qb6 10. Nxc6 bxc6 11. Na4 Qa5 12. c3 Nd7 13. b4 Qd8 14. Qd2 Re8
15. Bh6 Bxh6 16. Qxh6 e5 17. dxe5 a5 18. a3 Nxe5 19. Nc5 Nd7 20. Nxd7 Bxd7 21.
Bd3 Qf6 22. Qd2 axb4 23. cxb4 Bf5 24. Qf4 Qe5 25. Qxe5 Rxe5 26. Bxf5 Rxf5 27.
Rfc1 Rf4 28. g3 Rf3 29. a4 Rb3 30. Rxc6 Rxb4 31. a5 Rb5 32. a6 Ra7 33. h4 h5
34. Kg2 Kf8 35. Ra4 Ke7 36. Kf3 Kd7 37. Rf6 Ke7 38. Raf4 Ke8 39. Rd6 Rb3+ 40.
Ke2 Ke7 41. Rff6 Ra3 42. f3 Rc7 43. Rc6 Rd7 44. Rb6 d4 45. Kd2 d3 46. Rb7 Ra2+
47. Kd1 Kxf6 1/2-1/2

[Event "XXVIII Memorial Edoardo Crespi A"]
[Site "Milano ITA"]
[Date "2007.12.06"]
[Round "2"]
[White "Vinzoni, Andrea"]
[Black "Facchetti, Gianni"]
[Result "0-1"]
[WhiteElo "2073"]
[BlackElo "2160"]
[PlyCount "62"]
[EventDate "2007.12.05"]

1. d4 Nf6 2. c4 e5 3. dxe5 Ng4 4. Bf4 Nc6 5. Nf3 Bb4+ 6. Nbd2 Qe7 7. e3 Ngxe5
8. Nxe5 Nxe5 9. Be2 d6 10. O-O Bxd2 11. Qxd2 a5 12. Qc3 f6 13. c5 dxc5 14. Bxe5
Qxe5 15. Qxe5+ fxe5 16. Rac1 b6 17. Bf3 Ra7 18. Rfd1 Be6 19. Bc6+ Ke7 20. a4
Rf8 21. f3 Rf6 22. e4 Bc8 23. Bb5 Rd6 24. f4 exf4 25. Rf1 g5 26. g3 fxg3 27.
hxg3 c6 28. e5 Rh6 29. Bc4 Be6 30. Rf6 Rxf6 31. exf6+ Kf7 0-1

[Event "XXVIII Memorial Edoardo Crespi A"]
[Site "Milano ITA"]
[Date "2007.12.07"]
[Round "3"]
[White "Abdelatief, Abdelhakiem"]
[Black "Bemporad, Filippo"]
[Result "0-1"]
[WhiteElo "1930"]
[BlackElo "2082"]
[PlyCount "116"]
[EventDate "2007.12.05"]

1. d4 d5 2. c4 c6 3. e3 Nf6 4. Nc3 g6 5. Nf3 Bg7 6. Bd3 O-O 7. O-O dxc4 8. Bxc4
Nbd7 9. b3 c5 10. Bb2 b6 11. Qc2 Bb7 12. d5 Qc7 13. Nb5 Qb8 14. a4 Bxd5 15.
Bxd5 Nxd5 16. Bxg7 Kxg7 17. Qb2+ Kg8 18. Rfd1 N7f6 19. Ne5 a6 20. Na3 Qc7 21.
Rac1 Rfd8 22. h3 Rac8 23. Nac4 Nb4 24. Nd2 Rd5 25. Ndf3 Rcd8 26. Re1 Ne4 27.
Ng4 f6 28. Nd4 Qd7 29. Qe2 cxd4 30. Qc4 a5 31. exd4 Nd2 32. Qc7 Qxc7 33. Rxc7
R5d7 34. Rxe7 Rxe7 35. Rxe7 Nd5 36. Nh6+ Kf8 37. Rf7+ Ke8 38. Rxh7 Nxb3 39. Rg7
g5 40. Nf5 Rd7 41. Rg8+ Kf7 42. Rb8 Nc1 43. Kf1 Na2 44. Ne3 Nac3 45. Nxd5 Nxd5
46. Ke1 Ke6 47. h4 gxh4 48. Rh8 Rc7 49. Rxh4 Rc4 50. Kd2 Rxa4 51. Kd3 b5 52.
Re4+ Kd6 53. g4 Ra3+ 54. Kd2 Ra2+ 55. Ke1 b4 56. f4 b3 57. f5 b2 58. Re6+ Kd7
0-1

[Event "XXVIII Memorial Edoardo Crespi A"]
[Site "Milano ITA"]
[Date "2007.12.07"]
[Round "3"]
[White "Bernago, Federico"]
[Black "Astengo, Corrado"]
[Result "0-1"]
[WhiteElo "2002"]
[BlackElo "2122"]
[PlyCount "118"]
[EventDate "2007.12.05"]

1. e4 c6 2. d3 d5 3. Nd2 e5 4. Ngf3 Bd6 5. Be2 Ne7 6. O-O O-O 7. Re1 f5 8. Bf1
Ng6 9. h3 Be6 10. g3 f4 11. Bg2 Nd7 12. c3 Nc5 13. Qe2 dxe4 14. Nxe4 Nxe4 15.
dxe4 Bc5 16. Kh2 h6 17. b3 Qb6 18. Rf1 Rad8 19. Bb2 Rd7 20. c4 Qc7 21. Rad1
Rfd8 22. Rxd7 Rxd7 23. Bc3 Qd6 24. Rc1 Bd4 25. Be1 c5 26. Rc2 Rf7 27. Bc3 Kh8
28. Rd2 Qf8 29. Rd3 Qb8 30. Be1 a6 31. Rd1 Rd7 32. Rc1 Bf7 33. Rc2 Qd8 34. Rc1
Qf6 35. Rd1 Ne7 36. Rd3 Bh5 37. g4 Be8 38. Bc3 Nc6 39. Be1 Bg6 40. Rd1 Re7 41.
Kg1 Nd8 42. Kh1 Qc6 43. Nh4 Bh7 44. Bd2 Nf7 45. Bf3 Ng5 46. Nf5 Bxf5 47. gxf5
Nxh3 48. Rf1 Qf6 49. Bg4 Qh4 50. Kg2 Nxf2 51. Rxf2 Bxf2 52. Qd3 Qxg4+ 53. Kxf2
Qh4+ 54. Ke2 Qh2+ 55. Kd1 Qg1+ 56. Kc2 Qd4 57. Qh3 Qxe4+ 58. Kb2 Qd4+ 59. Bc3
Qf2+ 0-1

[Event "XXVIII Memorial Edoardo Crespi A"]
[Site "Milano ITA"]
[Date "2007.12.07"]
[Round "3"]
[White "Bisignano, Giuseppe"]
[Black "Colica, Daniele"]
[Result "1-0"]
[WhiteElo "1980"]
[BlackElo "1860"]
[PlyCount "85"]
[EventDate "2007.12.05"]

1. e4 d5 2. exd5 Nf6 3. Bc4 Bg4 4. Ne2 Nxd5 5. f3 Bf5 6. O-O e6 7. d4 Bd6 8.
Bxd5 exd5 9. Nf4 Be7 10. Re1 O-O 11. Re3 Be6 12. Rxe6 fxe6 13. Nxe6 Qd6 14.
Nxf8 Bxf8 15. Qe2 Nc6 16. c3 Qg6 17. Bf4 Re8 18. Qb5 Re1+ 19. Kf2 Rxb1 20.
Qxd5+ Kh8 21. Rxb1 Qxb1 22. Qf7 Qc2+ 23. Ke1 Qb1+ 24. Ke2 Qc2+ 25. Bd2 h6 26.
Qxf8+ Kh7 27. Qc8 Qxb2 28. Qxc7 Qb5+ 29. Kf2 Qb2 30. Qf4 Qxa2 31. Kg3 Na5 32.
Qf5+ Kg8 33. Bf4 Nc4 34. Qe6+ Kh7 35. Be5 Qe2 36. Qf5+ Kg8 37. Qc8+ Kh7 38.
Qxb7 Qe1+ 39. Kg4 Ne3+ 40. Kh3 Nf5 41. Qe4 Qxc3 42. Qxf5+ Kg8 43. Qg6 1-0

[Event "XXVIII Memorial Edoardo Crespi A"]
[Site "Milano ITA"]
[Date "2007.12.07"]
[Round "3"]
[White "Bove, Alessandro"]
[Black "Bosi, Clint"]
[Result "0-1"]
[WhiteElo "2195"]
[BlackElo "2050"]
[PlyCount "120"]
[EventDate "2007.12.05"]

1. d4 Nf6 2. Nc3 d5 3. Bg5 e6 4. e4 dxe4 5. Nxe4 Be7 6. Nxf6+ Bxf6 7. Bxf6 Qxf6
8. Nf3 Nc6 9. Bb5 Bd7 10. O-O O-O-O 11. c3 Ne7 12. Bxd7+ Rxd7 13. Ne5 Rd6 14.
Qa4 a6 15. b4 Nc6 16. Rfe1 Qf5 17. b5 Nxe5 18. Rxe5 Qd3 19. Rc5 Rhd8 20. bxa6
Rxa6 21. Qb3 Rdd6 22. Qb5 Qxb5 23. Rxb5 Ra3 24. Rg5 g6 25. Rg3 Kd7 26. h4 h5
27. Rf3 Ke7 28. Kh2 Rc6 29. Rc1 Rxa2 30. Kh3 b5 31. Rb1 Ra5 32. Rb3 Rc4 33. Re3
c6 34. f3 f6 35. g4 Kf7 36. Kg3 Rca4 37. Rb2 Ra2 38. Rb1 Ra1 39. Ree1 Rxb1 40.
Rxb1 Ra4 41. Rb3 Ke7 42. Kf4 Kd6 43. Ke4 Ra1 44. Kf4 Kd5 45. Rb2 Rh1 46. Kg3
Rc1 47. Rb3 Kc4 48. Rb2 Rxc3 49. Re2 Kd5 50. g5 fxg5 51. Re5+ Kxd4 52. Rxg5 Rc1
53. Kf4 Rh1 54. Rxg6 Rxh4+ 55. Kg3 Rh1 56. Rxe6 c5 57. Re4+ Kd5 58. Re2 b4 59.
f4 c4 60. f5 Rf1 0-1

[Event "XXVIII Memorial Edoardo Crespi A"]
[Site "Milano ITA"]
[Date "2007.12.07"]
[Round "3"]
[White "Cardani, Roberto"]
[Black "Vinzoni, Andrea"]
[Result "0-1"]
[WhiteElo "1923"]
[BlackElo "2073"]
[PlyCount "104"]
[EventDate "2007.12.05"]

1. e4 e6 2. d4 d5 3. Nc3 Nf6 4. Bg5 dxe4 5. Nxe4 Nbd7 6. Nf3 Be7 7. Nxf6+ Nxf6
8. Bd3 c5 9. dxc5 Bxc5 10. Qe2 Qa5+ 11. c3 Be7 12. O-O O-O 13. Rfd1 Qc7 14. a3
Bd7 15. Bxf6 Bxf6 16. Bxh7+ Kxh7 17. Qd3+ Kg8 18. Qxd7 Rac8 19. Qxc7 Rxc7 20.
Rd2 Rd8 21. Rad1 Rxd2 22. Rxd2 Kf8 23. Kf1 Ke7 24. Ke2 g6 25. Rc2 b5 26. Nd2
Bg5 27. b3 Bxd2 28. Kxd2 Rd7+ 29. Ke2 Rb7 30. c4 bxc4 31. Rxc4 Rxb3 32. Rc7+
Kf6 33. Rxa7 g5 34. f3 Rb2+ 35. Kf1 Kg6 36. h3 f5 37. a4 Ra2 38. g4 f4 39. a5
Kf6 40. a6 Ke5 41. Rg7 Kf6 42. Ra7 Ke5 43. Rg7 Kd4 44. Rxg5 Ke3 45. Re5+ Kxf3
46. Rxe6 Ra1+ 47. Re1 Rxa6 48. g5 Kg3 49. Kg1 f3 50. Rf1 Ra2 51. g6 Rg2+ 52.
Kh1 f2 0-1

[Event "XXVIII Memorial Edoardo Crespi A"]
[Site "Milano ITA"]
[Date "2007.12.07"]
[Round "3"]
[White "De Santis, Alessio"]
[Black "Salvador, Roland"]
[Result "0-1"]
[WhiteElo "2367"]
[BlackElo "2456"]
[PlyCount "88"]
[EventDate "2007.12.05"]

1. d4 Nf6 2. c4 e6 3. Nc3 Bb4 4. Qc2 c5 5. dxc5 Na6 6. a3 Bxc5 7. b4 Be7 8. e4
d6 9. f3 O-O 10. Be3 b6 11. Bd3 Bb7 12. Nge2 Rc8 13. Rd1 Nd7 14. f4 e5 15. f5
Nf6 16. h3 Nb8 17. g4 h6 18. Qd2 Nh7 19. O-O Ba6 20. Nb5 Bxb5 21. cxb5 Bg5 22.
Bb1 Nd7 23. Bxg5 Qxg5 24. Qxg5 Nxg5 25. h4 Nh7 26. Rf3 Ndf6 27. Rg3 Rfd8 28. g5
Nh5 29. Rg2 Kf8 30. Rf1 Ke7 31. Kh2 Rc4 32. Bd3 Rc7 33. Kh3 hxg5 34. hxg5 g6
35. Kg4 Rf8 36. Rgf2 Ke8 37. Rh1 Rg8 38. Ng3 Nxg5 39. fxg6 Nxg3 40. Kxg3 Rc3
41. Kg4 Rxg6 42. Rh8+ Ke7 43. Rc2 Ne6+ 44. Kh4 Rxd3 0-1

[Event "XXVIII Memorial Edoardo Crespi A"]
[Site "Milano ITA"]
[Date "2007.12.07"]
[Round "3"]
[White "Drazic, Sinisa"]
[Black "Barberi, Alessandro"]
[Result "1-0"]
[WhiteElo "2493"]
[BlackElo "2157"]
[PlyCount "99"]
[EventDate "2007.12.05"]

1. d4 g6 2. e4 Bg7 3. Nf3 d6 4. Bc4 Nf6 5. Qe2 O-O 6. O-O c6 7. e5 dxe5 8. dxe5
Nd5 9. h3 b5 10. Bb3 Na6 11. Rd1 Nac7 12. c4 bxc4 13. Bxc4 Be6 14. Na3 Qc8 15.
Nd4 Qb7 16. Rd3 Rab8 17. Rb3 Qa8 18. Bd2 a5 19. Rc1 a4 20. Rxb8 Rxb8 21. Rc2 c5
22. Ndb5 Na6 23. Rc1 Nab4 24. Nc2 Qb7 25. Nxb4 Nxb4 26. Bxe6 Qxb5 27. Qxb5 Rxb5
28. Bd7 Ra5 29. a3 Nd3 30. Rc2 Ra7 31. Bb5 Nxe5 32. Rxc5 h5 33. Kf1 Nd7 34. Rc2
Bd4 35. Ke2 e5 36. Bb4 Kg7 37. Kd1 Nf8 38. Kc1 Ne6 39. Kb1 Nf4 40. Bf1 Rb7 41.
g3 Nd5 42. Be1 f5 43. Bc4 Nf6 44. Bb4 g5 45. f3 Kg6 46. Bd3 e4 47. fxe4 fxe4
48. Rc4 Be5 49. Rxe4 Rd7 50. Re3+ 1-0

[Event "XXVIII Memorial Edoardo Crespi A"]
[Site "Milano ITA"]
[Date "2007.12.07"]
[Round "3"]
[White "Facchetti, Gianni"]
[Black "D'Apa, Matteo"]
[Result "1/2-1/2"]
[WhiteElo "2160"]
[BlackElo "2085"]
[PlyCount "87"]
[EventDate "2007.12.05"]

1. e4 e5 2. Nf3 Nc6 3. Bc4 Bc5 4. b4 Bxb4 5. c3 Bc5 6. d4 exd4 7. cxd4 Bb4+ 8.
Nbd2 Nf6 9. O-O d5 10. exd5 Nxd5 11. Qe2+ Nce7 12. a3 Bxd2 13. Bxd2 O-O 14. Bg5
f6 15. Rfe1 Kh8 16. Bd2 a5 17. Qe4 Bf5 18. Qh4 c6 19. Qg3 Ng6 20. Nh4 Nxh4 21.
Qxh4 Qd6 22. Bxd5 Qxd5 23. Re7 Rae8 24. Rae1 Bg6 25. h3 c5 26. Bxa5 cxd4 27.
Bb4 Rxe7 28. Rxe7 d3 29. Qf4 Re8 30. Qe3 Qc6 31. Rxe8+ Qxe8 32. Qxe8+ Bxe8 33.
h4 Bb5 34. g3 Kg8 35. Kg2 Kf7 36. Kf3 Ke6 37. Ke3 Kf5 38. Bf8 g6 39. Be7 h5 40.
Bd8 g5 41. Be7 gxh4 42. gxh4 Ke5 43. Bd8 f5 44. Bg5 1/2-1/2

[Event "XXVIII Memorial Edoardo Crespi A"]
[Site "Milano ITA"]
[Date "2007.12.07"]
[Round "3"]
[White "Galli, Fabio"]
[Black "Brunetti, Alessandro"]
[Result "1-0"]
[WhiteElo "2079"]
[BlackElo "2002"]
[PlyCount "113"]
[EventDate "2007.12.05"]

1. e4 e6 2. d4 d5 3. exd5 exd5 4. Bd3 Bd6 5. Qf3 c6 6. Ne2 Qf6 7. Qxf6 Nxf6 8.
Bf4 Bxf4 9. Nxf4 O-O 10. O-O Re8 11. Nd2 Nbd7 12. Rfe1 Kf8 13. Rxe8+ Nxe8 14.
h4 Nd6 15. f3 Nb6 16. g4 Bd7 17. a4 Re8 18. Kf2 h6 19. b4 a6 20. a5 Nbc8 21.
Nb3 Ne7 22. Nc5 Bc8 23. Ne2 Ng8 24. Nc3 Nf6 25. N3a4 Nd7 26. Re1 Rxe1 27. Kxe1
g5 28. hxg5 hxg5 29. Kf2 Ke7 30. Kg3 Ne8 31. Nb3 Nc7 32. Nbc5 Ne8 33. Nxd7 Bxd7
34. Nc5 Bc8 35. f4 f6 36. Bf5 gxf4+ 37. Kxf4 Bxf5 38. Kxf5 Nd6+ 39. Kg6 Nb5 40.
c3 Nxc3 41. Nxb7 Nb5 42. Nc5 Nxd4 43. Nxa6 Nb5 44. Nc5 Na7 45. a6 Nb5 46. Nb3
Nc7 47. a7 Ke6 48. Nd4+ Ke5 49. Nxc6+ Kd6 50. Nd4 Ke5 51. Nc2 Ke4 52. b5 Na8
53. Kxf6 Kd3 54. Nb4+ Kc4 55. Nxd5 Kxd5 56. g5 Kc5 57. g6 1-0

[Event "XXVIII Memorial Edoardo Crespi A"]
[Site "Milano ITA"]
[Date "2007.12.07"]
[Round "3"]
[White "Hubschmid, Stefan"]
[Black "Rettore, Ludwig"]
[Result "0-1"]
[WhiteElo "2066"]
[BlackElo "2177"]
[PlyCount "94"]
[EventDate "2007.12.05"]

1. e4 e5 2. Nf3 Nc6 3. Bb5 Nf6 4. d4 exd4 5. e5 Ne4 6. O-O Be7 7. Nxd4 Nxd4 8.
Qxd4 Nc5 9. Nc3 c6 10. Be2 O-O 11. Be3 Ne6 12. Qe4 f5 13. Qd3 Qc7 14. f4 d5 15.
exd6 Bxd6 16. g3 Nc5 17. Qd4 Be6 18. Bc4 Rad8 19. b4 Be7 20. Bxe6+ Nxe6 21. Qc4
Rf6 22. Rfd1 b5 23. Qb3 Kh8 24. Rxd8+ Bxd8 25. Re1 h6 26. Nd1 Qd7 27. Nf2 Bb6
28. Bxb6 axb6 29. c3 Nc7 30. Qc2 Re6 31. Rd1 Nd5 32. Qd2 Qe7 33. Qd4 Re1+ 34.
Rxe1 Qxe1+ 35. Kg2 Qxc3 36. Qd3 Qxb4 37. Kh3 Qc5 38. Qxf5 Qxf2 39. Qf8+ Kh7 40.
Qf5+ Kg8 41. Qc8+ Kf7 42. Qxc6 Qc5 43. Qd7+ Ne7 44. Kg4 h5+ 45. Kh4 g6 46. Qd3
Qc6 47. h3 Qf6# 0-1

[Event "XXVIII Memorial Edoardo Crespi A"]
[Site "Milano ITA"]
[Date "2007.12.07"]
[Round "3"]
[White "Iudicello, Giovanni"]
[Black "Bozzali, Ermanno"]
[Result "0-1"]
[WhiteElo "2171"]
[BlackElo "2136"]
[PlyCount "118"]
[EventDate "2007.12.05"]

1. Nf3 Nf6 2. g3 b6 3. Bg2 Bb7 4. d3 d5 5. O-O g6 6. Nbd2 Bg7 7. e4 dxe4 8. Ng5
O-O 9. Ngxe4 Nc6 10. f4 Qd4+ 11. Kh1 Nxe4 12. Nxe4 e6 13. c3 Qd7 14. d4 Rad8
15. Qe2 Qc8 16. Re1 Ne7 17. Be3 Qa8 18. Ng5 Nf5 19. Nf3 a5 20. g4 Nxe3 21. Qxe3
Rfe8 22. Re2 a4 23. a3 c5 24. dxc5 bxc5 25. Rae1 c4 26. Qf2 Rd3 27. Nd2 Rc8 28.
Ne4 f5 29. Ng5 Bxg2+ 30. Qxg2 Qxg2+ 31. Rxg2 fxg4 32. Rxg4 Rd2 33. Rg2 Rcd8 34.
Rge2 e5 35. fxe5 Bh6 36. Ne4 Rxe2 37. Rxe2 Bf4 38. e6 Kg7 39. Nc5 Rd1+ 40. Kg2
Rd2 41. Rxd2 Bxd2 42. Kf3 Bc1 43. Nxa4 Kf6 44. Ke4 Kxe6 45. Kd4 g5 46. Kxc4 h5
47. Nc5+ Kf5 48. Nd3 Be3 49. b4 Kg4 50. b5 Kh3 51. Nc5 Kxh2 52. b6 g4 53. b7
Bf4 54. a4 g3 55. a5 g2 56. a6 Bb8 57. Nd7 Bf4 58. b8=Q Bxb8 59. Nxb8 g1=Q 0-1

[Event "XXVIII Memorial Edoardo Crespi A"]
[Site "Milano ITA"]
[Date "2007.12.07"]
[Round "3"]
[White "Martinez, Rolly"]
[Black "Cazzaniga, Walter"]
[Result "1-0"]
[WhiteElo "2447"]
[BlackElo "2167"]
[PlyCount "69"]
[EventDate "2007.12.05"]

1. e4 e6 2. d4 d5 3. e5 c5 4. c3 Nc6 5. Nf3 Qb6 6. a3 c4 7. Nbd2 Na5 8. g3 Bd7
9. h4 h6 10. Bh3 O-O-O 11. O-O Ne7 12. Re1 Kb8 13. Nf1 Nc8 14. Qe2 Be7 15. Be3
Rdg8 16. N1h2 Qc7 17. Nd2 Ka8 18. h5 Nb6 19. Rab1 Na4 20. Qf3 Rf8 21. Qg2 b5
22. f4 Nc6 23. f5 a5 24. Ndf1 Ka7 25. Bf4 Bg5 26. Ne3 Bc8 27. Rf1 Be7 28. Nhg4
Bd8 29. Qe2 Nb6 30. Rf3 b4 31. axb4 axb4 32. Ra1+ Kb8 33. f6 g5 34. hxg6 fxg6
35. Nxh6 1-0

[Event "XXVIII Memorial Edoardo Crespi A"]
[Site "Milano ITA"]
[Date "2007.12.07"]
[Round "3"]
[White "Mazzini, Antonio"]
[Black "Damia, Angelo"]
[Result "1/2-1/2"]
[WhiteElo "2106"]
[BlackElo "2266"]
[PlyCount "85"]
[EventDate "2007.12.05"]

1. d4 d6 2. c4 e5 3. dxe5 dxe5 4. Qxd8+ Kxd8 5. Nf3 f6 6. Bd2 Be6 7. e3 c6 8.
Bc3 Nd7 9. Nbd2 a5 10. Be2 Nh6 11. O-O Nf7 12. Rfd1 Kc7 13. Ne1 Be7 14. Nc2 g5
15. e4 h5 16. Ne3 Bc5 17. Ndf1 Nd6 18. Bd3 Bxe3 19. Nxe3 Nc5 20. f3 Nxd3 21.
Rxd3 Nxc4 22. Nxc4 Bxc4 23. Rd2 b6 24. a3 Bb3 25. Re1 Rhd8 26. Rf2 b5 27. g3 c5
28. Re3 Be6 29. f4 b4 30. Be1 gxf4 31. gxf4 Rg8+ 32. Rg3 h4 33. Rxg8 Rxg8+ 34.
Rg2 Rxg2+ 35. Kxg2 h3+ 36. Kf3 exf4 37. Kxf4 Kc6 38. axb4 axb4 39. Bh4 Kb5 40.
Bxf6 Ka4 41. Ke3 Kb3 42. Kd2 c4 43. Bd4 1/2-1/2

[Event "XXVIII Memorial Edoardo Crespi A"]
[Site "Milano ITA"]
[Date "2007.12.07"]
[Round "3"]
[White "Papale, Carmelo"]
[Black "Arboscelli, Gregorio"]
[Result "1/2-1/2"]
[WhiteElo "1899"]
[BlackElo "1913"]
[PlyCount "144"]
[EventDate "2007.12.05"]

1. e4 e5 2. Nf3 Nc6 3. Bb5 a6 4. Ba4 Nf6 5. O-O Be7 6. Re1 b5 7. Bb3 d6 8. c3
O-O 9. h3 Nb8 10. d4 Nbd7 11. Nbd2 Bb7 12. Bc2 Re8 13. Nf1 Bf8 14. Ng3 g6 15.
a4 c5 16. Bd2 h6 17. Bd3 c4 18. Bc2 Kh7 19. Kh1 Bg7 20. b3 Qc7 21. b4 bxa4 22.
Rxa4 d5 23. Ra5 dxe4 24. Nxe4 Nxe4 25. Bxe4 exd4 26. Nxd4 Bxd4 27. cxd4 Kg7 28.
Bxb7 Qxb7 29. Rxe8 Rxe8 30. Qc1 Rc8 31. Bxh6+ Kg8 32. Qc3 Kh7 33. Bf4 Qe4 34.
Be3 Nb6 35. Re5 Qb1+ 36. Kh2 Na4 37. Qa3 Qb3 38. Bc1 Qxa3 39. Bxa3 c3 40. d5
Nb6 41. Re7 Kg7 42. d6 Nd5 43. Re5 Nf6 44. Rc5 Rd8 45. Rxc3 Rxd6 46. b5 Re6 47.
bxa6 Rxa6 48. Bb2 Rb6 49. Ba1 Ra6 50. Bb2 Rb6 51. Rc2 Kg8 52. Rc8+ Kg7 53. Bd4
Rd6 54. Bc3 g5 55. Kg3 Rd3+ 56. f3 Rd6 57. Kf2 Kg6 58. Be5 Re6 59. Bd4 Rd6 60.
Bc3 Re6 61. Rc5 Nd7 62. Rd5 Nb6 63. Rd8 f6 64. Rd4 Rc6 65. Bb4 Nc4 66. h4 Ne5
67. hxg5 fxg5 68. Rd5 Nf7 69. Kg3 Re6 70. Bd2 Rc6 71. Be3 Re6 72. Bd4 Rc6
1/2-1/2

[Event "XXVIII Memorial Edoardo Crespi A"]
[Site "Milano ITA"]
[Date "2007.12.07"]
[Round "3"]
[White "Piantoni, Pierino"]
[Black "Rossi, Giampiero"]
[Result "1-0"]
[WhiteElo "1942"]
[BlackElo "1991"]
[PlyCount "101"]
[EventDate "2007.12.05"]

1. Nf3 d5 2. d4 c6 3. c4 e6 4. g3 Nf6 5. Bg2 Nbd7 6. O-O Be7 7. Nc3 O-O 8. b3
b6 9. Bb2 Bb7 10. Rc1 Rc8 11. Re1 Qc7 12. cxd5 exd5 13. Nh4 Qb8 14. Nf5 Rfe8
15. Nxe7+ Rxe7 16. e4 dxe4 17. Nxe4 Nxe4 18. Rxe4 Rxe4 19. Bxe4 Nf6 20. Bg2 Qd6
21. Rc2 Re8 22. Re2 Rxe2 23. Qxe2 h6 24. h3 Kf8 25. Qe5 Qxe5 26. dxe5 Nd7 27.
f4 Ke8 28. b4 b5 29. Bd4 a6 30. e6 Nf6 31. Bxf6 gxf6 32. exf7+ Kxf7 33. Kf2 Ke6
34. Ke3 Kd6 35. Kd4 Bc8 36. g4 Bb7 37. Be4 Bc8 38. Bf3 Be6 39. a3 a5 40. h4
axb4 41. axb4 Bd7 42. g5 fxg5 43. hxg5 hxg5 44. fxg5 Be6 45. Be4 Bg8 46. g6 Bc4
47. g7 Bg8 48. Bf5 Ke7 49. Ke5 c5 50. bxc5 b4 51. c6 1-0

[Event "XXVIII Memorial Edoardo Crespi A"]
[Site "Milano ITA"]
[Date "2007.12.07"]
[Round "3"]
[White "Quagliarella, Sabino Remo"]
[Black "Pasquotto, Mirko"]
[Result "1-0"]
[WhiteElo "1950"]
[BlackElo "1939"]
[PlyCount "117"]
[EventDate "2007.12.05"]

1. d4 Nf6 2. Nf3 g6 3. Bf4 Bg7 4. Nbd2 d5 5. e3 O-O 6. Be2 Nbd7 7. O-O Nh5 8.
Re1 Nxf4 9. exf4 c5 10. c3 cxd4 11. cxd4 b6 12. Qa4 Bb7 13. Bb5 Nf6 14. Ne5 Qd6
15. Rac1 Rfc8 16. Rxc8+ Rxc8 17. Qxa7 Ba8 18. Ba6 Re8 19. Ndf3 Ne4 20. Rc1 f6
21. Nd3 Qb8 22. Qd7 Nd6 23. Rc7 Nc4 24. Qe6+ Kf8 25. Rc8 Rxc8 26. Qxc8+ Qxc8
27. Bxc8 Ke8 28. b3 Nd6 29. Be6 Nf7 30. Nb4 Nd8 31. Bxd5 Bxd5 32. Nxd5 Nc6 33.
Nxb6 f5 34. d5 Nb4 35. a4 Kd8 36. Ne5 Kc7 37. Nbc4 Nxd5 38. Kf1 Nxf4 39. g3 Ne6
40. b4 Nd4 41. Nd3 e6 42. h4 Bf8 43. b5 Nb3 44. a5 Nc5 45. Nxc5 Bxc5 46. Ke2
Bd4 47. f3 h6 48. g4 Bf6 49. h5 g5 50. Kd3 fxg4 51. fxg4 Kb7 52. Nd6+ Ka7 53.
Kc4 Ka8 54. Ne4 Be7 55. Nc5 e5 56. Kd5 Bd8 57. Nb3 Bc7 58. b6 Bb8 59. a6 1-0

[Event "XXVIII Memorial Edoardo Crespi A"]
[Site "Milano ITA"]
[Date "2007.12.07"]
[Round "3"]
[White "Quaranta, Cristiano"]
[Black "Calvi, Gianluca"]
[Result "1-0"]
[WhiteElo "2070"]
[BlackElo "1901"]
[PlyCount "65"]
[EventDate "2007.12.05"]

1. Nf3 Nf6 2. c4 e6 3. Nc3 Nc6 4. d4 d5 5. Bg5 Bb4 6. e3 h6 7. Bh4 g5 8. Bg3
Ne4 9. Qc2 h5 10. cxd5 exd5 11. Ne5 h4 12. Nxc6 bxc6 13. Be5 f6 14. f3 Nxc3 15.
bxc3 Be7 16. Qg6+ Kf8 17. f4 fxe5 18. Qxc6 Rb8 19. fxe5 Rb6 20. Qa4 c5 21. Qxa7
Rhh6 22. Be2 Kg8 23. O-O g4 24. Qa4 Bg5 25. e4 Be3+ 26. Kh1 g3 27. Qa8 dxe4 28.
Bg4 Rhc6 29. d5 Ra6 30. Qb8 Rab6 31. Qa7 Rb7 32. Qa8 Rbb6 33. dxc6 1-0

[Event "XXVIII Memorial Edoardo Crespi A"]
[Site "Milano ITA"]
[Date "2007.12.07"]
[Round "3"]
[White "Virzi, Ettore"]
[Black "Crippa, Gabriele"]
[Result "0-1"]
[WhiteElo "1956"]
[BlackElo "2087"]
[PlyCount "50"]
[EventDate "2007.12.05"]

1. e4 d6 2. d4 e5 3. Nf3 exd4 4. Nxd4 Nf6 5. Nc3 Be7 6. Bf4 a6 7. Qd2 b5 8. f3
c5 9. Nde2 Be6 10. O-O-O b4 11. Nd5 Bxd5 12. exd5 Nbd7 13. Ng3 Nb6 14. Nf5 O-O
15. Bd3 c4 16. Be4 c3 17. Nxe7+ Qxe7 18. Qe3 cxb2+ 19. Kb1 Nxe4 20. Qxe4 Qxe4
21. fxe4 Nc4 22. Bd2 a5 23. c3 bxc3 24. Bxc3 Rab8 25. a4 Rb3 0-1